| 000 | 00466nam a2200169Ia 4500 | ||
|---|---|---|---|
| 999 |
_c8944 _d8944 |
||
| 003 | OSt | ||
| 005 | 20201009132729.0 | ||
| 008 | 190216s9999||||xx |||||||||||||| ||und|| | ||
| 040 | _coclc | ||
| 082 |
_a005.446 _bISA/L |
||
| 100 |
_aIsac, John T _95553 |
||
| 245 | 0 |
_aLinux Open Office / _cJohn T Isac |
|
| 260 |
_bKairali Books, _aKottayam: _c2006. |
||
| 300 | _a102p | ||
| 650 | _aComputer | ||
| 942 |
_cBK _2ddc _h005.446 _iISA/L _k005.446 _mISA/L |
||